000
00290nam a2200121Ia 4500
008
240126s9999 xx 000 0 und d
041
_a
English
245
0
_a
Decision (2005 -
260
_b
Indian Institute of Management.
_a
Kolkata
440
_a
NULL
650
_a
Decision
942
_c
JN
999
_c
253354
_d
253354